| 000 | 02269cam a2200433 a 4500 | ||
|---|---|---|---|
| 001 | 10940613 | ||
| 003 | USPCAS-E | ||
| 005 | 20180118181420.0 | ||
| 006 | m o d | ||
| 007 | cr zn| | ||
| 008 | 140806s2014 njua ob 001 0 eng d | ||
| 020 | _z9781118450697 | ||
| 035 | _a(CtWfDGI)bke00063684 | ||
| 035 | _a(NNC)10940613 | ||
| 040 |
_aCtWfDGI _beng _cCtWfDGI |
||
| 050 | 1 | 4 |
_aTK1007 _b.B483 2014eb |
| 082 | 0 | 4 |
_a621.317 _223 _bBEV-P 2014 |
| 100 | 1 | _aBevrani, Hassan. | |
| 245 | 1 | 0 |
_aPower system monitoring and control _cHassan Bevrani, Masayuki Watanabe, Yasunori Mitani. |
| 256 | _aComputer document. | ||
| 260 |
_aHoboken, N.J. : _bJohn Wiley & Sons, _cc2014 _e(Norwood, Mass. : _fBooks24x7.com [generator]) |
||
| 500 | _aTitle from title screen. | ||
| 502 | _a. | ||
| 504 | _aIncludes bibliographical references and index. | ||
| 516 | _aText. | ||
| 520 | _a"Power System Monitoring and Control presents a comprehensive overview of the basic principles and key technologies for the monitoring, protection, and control of contemporary wide-area power systems. Provides an updated and comprehensive reference for researcher and engineers working on wide-area power system monitoring and control (PSMC); Links fundamental concepts of PSMC, advanced metering and control theory/techniques, and practical engineering considerations; Covers PSMC problem understanding, design, practical aspects, and timely topics such as smart/microgrid control and coordinated voltage regulation and angle oscillation damping. Incorporates authors' experiences teaching and researching in various international locales including Japan, Thailand, Singapore, Malaysia, Iran, and Australia." -- | ||
| 530 | _aAvailable also in a print ed. | ||
| 538 | _aMode of access: Internet via World Wide Web. | ||
| 550 | _aDigitized and made available by: Books24x7.com. | ||
| 650 | 0 |
_aElectric power systems _xControl. |
|
| 655 | 7 |
_aElectronic books. _2lcsh |
|
| 655 | 0 | _aElectronic books. | |
| 700 | 1 |
_aWatanabe, Masayuki _c(Electrical engineer) _4aut |
|
| 700 | 1 |
_aMitani, Yasunori. _4aut |
|
| 710 | 2 | _aBooks24x7, Inc. | |
| 856 | 4 | 0 |
_uhttp://www.columbia.edu/cgi-bin/cul/resolve?clio10940613 _zClick here for full text. |
| 942 |
_2ddc _cBK |
||
| 999 |
_c356013 _d356013 |
||